000 00384pab a2200145 454500
008 180718b2004 xxu||||| |||| 00| 0 eng d
100 _aDogan, Mattei
245 _aFour hundred giant cities atop the world: introduction
260 _c2004
300 _ap.347-60.
362 _aSep
650 _aUrban development
773 _aInternational Social Science Journal
909 _a62949
999 _c62949
_d62949